000 01001nam a22002417a 4500
005 20171010144724.0
010 _a1516EN07 ENG-120784
020 _c450.00 (AV)
_a9788178244617
035 _aB-603736-747
035 _aB-667413
035 _aEN-104316
037 _bAakar/VEN
_aDPL
037 _bDBAD/PUB
082 _a954
100 _aSubrahmanyam, Sanjay
245 _aIs Indian civilization a myth?:
_cby Sanjay Subrahmanyam
_bfictions and histories /
260 _aRanikhet
_bPermanent Black
_c2015
270 _bRanikhet
_e263645
_aHimalayana, Mall Road Ranikhet Cantt
300 _a262p.
_c22cm(pbk)
942 _2ddc
_cEN
_h954
_mSAN
999 _c96224
_d96224